Movies Quiz

Random Movies or Actor Quiz

Movie Name Swap II Quiz Stats

Quiz Updated Jul 10, 2012

Also try: Movie Name Swap
Challenge
Share
Tweet
Embed
Score 0/32 Timer 08:00
1 Play Today
Movie Real Title % Correct
Good Matt DamonGood Will Hunting
83.5%
Citizen WellesCitizen Kane
78%
Renee Zellweger's DiaryBridget Jones' Diary
77.8%
SylvesterRocky
77.4%
Leonardo + ClaireRomeo + Juliet
72%
Alex and Keanu's Excellent AdventureBill and Ted's Excellent Adventure
71.3%
John and Kal Go to White CastleHarold and Kumar Go to White Castle
67.3%
Adam SandlerHappy Gilmore or Billy Madison
65.1%
Meryl's ChoiceSophie's Choice
64.4%
Desperately Seeking MadonnaDesperately Seeking Susan
59.1%
Stiller & WilsonStarsky & Hutch
57.9%
Streep vs. HoffmanKramer vs. Kramer
56%
PennMilk
54.7%
Fiennes in LoveShakespeare in Love
54.4%
Ted Neeley SuperstarJesus Christ Superstar
45%
Young WilderYoung Frankenstein
42.8%
Movie Real Title % Correct
Raising KateRaising Helen
41.8%
Rebecca Scarlett BarcelonaVicky Cristina Barcelona
40.9%
Jake GyllenhaalDonnie Darko
39.4%
The Outlaw Clint EastwoodThe Outlaw Josey Wales
32.1%
Sheen/LangellaFrost/Nixon
31.7%
Regarding HarrisonRegarding Henry
30.7%
In Like CoburnIn Like Flint
29.1%
The Three Faces of JoanneThe Three Faces of Eve
25.2%
Toni's WeddingMuriel's Wedding
23.1%
The Man Who Shot Lee MarvinThe Man Who Shot Liberty Valance
23%
PacinoSerpico
14.6%
Kathy BatesDolores Claiborne
10%
Mister FondaMister Roberts
8.4%
The Abominable Dr. PriceThe Abominable Dr. Phibes
4.9%
Beatty and Mrs. ChristieMcCabe and Mrs. Miller
4.5%
David Huddleston: The MovieSanta Claus: The Movie
2.3%

You're not logged in!

Compare scores with friends on all Sporcle quizzes.
Join for Free
OR
Log In

You Might Also Like...

Show Comments

Extras

Top Quizzes Today


Score Distribution

Your Account Isn't Verified!

In order to create a playlist on Sporcle, you need to verify the email address you used during registration. Go to your Sporcle Settings to finish the process.

Report this User

Report this user for behavior that violates our Community Guidelines.

Details: